<?xml version="1.0" encoding="UTF-8"?>
<record
    xmlns:xsi="http://www.w3.org/2001/XMLSchema-instance"
    xsi:schemaLocation="http://www.loc.gov/MARC21/slim http://www.loc.gov/standards/marcxml/schema/MARC21slim.xsd"
    xmlns="http://www.loc.gov/MARC21/slim">

  <leader>00352nam a2200169Ia 4500</leader>
  <datafield tag="100" ind1=" " ind2=" ">
    <subfield code="a">Pedroni/Volnei A </subfield>
  </datafield>
  <datafield tag="650" ind1=" " ind2=" ">
    <subfield code="a">VHDL</subfield>
  </datafield>
  <datafield tag="942" ind1=" " ind2=" ">
    <subfield code="c">BK</subfield>
  </datafield>
  <datafield tag="366" ind1=" " ind2=" ">
    <subfield code="f">17.5</subfield>
  </datafield>
  <datafield tag="654" ind1=" " ind2=" ">
    <subfield code="a">VHDL</subfield>
  </datafield>
  <datafield tag="245" ind1=" " ind2=" ">
    <subfield code="a">Circuit design with VHDL</subfield>
  </datafield>
  <datafield tag="260" ind1=" " ind2=" ">
    <subfield code="b">Prentice Hall of India</subfield>
    <subfield code="c">2009</subfield>
  </datafield>
  <datafield tag="082" ind1=" " ind2=" ">
    <subfield code="a">621.392/PED</subfield>
    <subfield code="b">PED</subfield>
  </datafield>
  <datafield tag="300" ind1=" " ind2=" ">
    <subfield code="a">363</subfield>
  </datafield>
  <datafield tag="546" ind1=" " ind2=" ">
    <subfield code="a">ENGLISH</subfield>
  </datafield>
  <datafield tag="999" ind1=" " ind2=" ">
    <subfield code="c">34750</subfield>
    <subfield code="d">34750</subfield>
  </datafield>
  <datafield tag="952" ind1=" " ind2=" ">
    <subfield code="0">0</subfield>
    <subfield code="1">0</subfield>
    <subfield code="4">0</subfield>
    <subfield code="7">0</subfield>
    <subfield code="8">CRC</subfield>
    <subfield code="a">CRCE</subfield>
    <subfield code="b">CRCE</subfield>
    <subfield code="d">2023-03-17</subfield>
    <subfield code="e">Educational books and periodicals</subfield>
    <subfield code="g">288.75</subfield>
    <subfield code="i">262 dt 04/05/2009</subfield>
    <subfield code="l">0</subfield>
    <subfield code="o">621.392/PED PED</subfield>
    <subfield code="p">19497</subfield>
    <subfield code="r">2023-03-17</subfield>
    <subfield code="v">350.00</subfield>
    <subfield code="w">0000-00-00</subfield>
    <subfield code="y">BK</subfield>
  </datafield>
  <datafield tag="952" ind1=" " ind2=" ">
    <subfield code="0">0</subfield>
    <subfield code="1">0</subfield>
    <subfield code="4">0</subfield>
    <subfield code="7">0</subfield>
    <subfield code="8">CRC</subfield>
    <subfield code="a">CRCE</subfield>
    <subfield code="b">CRCE</subfield>
    <subfield code="d">2023-03-17</subfield>
    <subfield code="e">Educational books and periodicals</subfield>
    <subfield code="g">288.75</subfield>
    <subfield code="i">262 dt 04/05/2009</subfield>
    <subfield code="l">0</subfield>
    <subfield code="o">621.392/PED PED</subfield>
    <subfield code="p">19498</subfield>
    <subfield code="r">2023-03-17</subfield>
    <subfield code="v">350.00</subfield>
    <subfield code="w">0000-00-00</subfield>
    <subfield code="y">BK</subfield>
  </datafield>
  <datafield tag="952" ind1=" " ind2=" ">
    <subfield code="0">0</subfield>
    <subfield code="1">0</subfield>
    <subfield code="4">0</subfield>
    <subfield code="7">0</subfield>
    <subfield code="8">CRC</subfield>
    <subfield code="a">CRCE</subfield>
    <subfield code="b">CRCE</subfield>
    <subfield code="d">2023-03-17</subfield>
    <subfield code="e">Educational books and periodicals</subfield>
    <subfield code="g">288.75</subfield>
    <subfield code="i">262 dt 04/05/2009</subfield>
    <subfield code="l">0</subfield>
    <subfield code="o">621.392/PED PED</subfield>
    <subfield code="p">19499</subfield>
    <subfield code="r">2023-03-17</subfield>
    <subfield code="v">350.00</subfield>
    <subfield code="w">0000-00-00</subfield>
    <subfield code="y">BK</subfield>
  </datafield>
  <datafield tag="952" ind1=" " ind2=" ">
    <subfield code="0">0</subfield>
    <subfield code="1">0</subfield>
    <subfield code="4">0</subfield>
    <subfield code="7">0</subfield>
    <subfield code="8">CRC</subfield>
    <subfield code="a">CRCE</subfield>
    <subfield code="b">CRCE</subfield>
    <subfield code="d">2023-03-17</subfield>
    <subfield code="e">Educational books and periodicals</subfield>
    <subfield code="g">288.75</subfield>
    <subfield code="i">262 dt 04/05/2009</subfield>
    <subfield code="l">0</subfield>
    <subfield code="o">621.392/PED PED</subfield>
    <subfield code="p">19500</subfield>
    <subfield code="r">2023-03-17</subfield>
    <subfield code="v">350.00</subfield>
    <subfield code="w">0000-00-00</subfield>
    <subfield code="y">BK</subfield>
  </datafield>
  <datafield tag="952" ind1=" " ind2=" ">
    <subfield code="0">0</subfield>
    <subfield code="1">0</subfield>
    <subfield code="4">0</subfield>
    <subfield code="7">0</subfield>
    <subfield code="8">CRC</subfield>
    <subfield code="a">CRCE</subfield>
    <subfield code="b">CRCE</subfield>
    <subfield code="d">2023-03-17</subfield>
    <subfield code="e">Educational books and periodicals</subfield>
    <subfield code="g">288.75</subfield>
    <subfield code="i">262 dt 04/05/2009</subfield>
    <subfield code="l">0</subfield>
    <subfield code="o">621.392/PED PED</subfield>
    <subfield code="p">19501</subfield>
    <subfield code="r">2023-03-17</subfield>
    <subfield code="v">350.00</subfield>
    <subfield code="w">0000-00-00</subfield>
    <subfield code="y">BK</subfield>
  </datafield>
  <datafield tag="952" ind1=" " ind2=" ">
    <subfield code="0">0</subfield>
    <subfield code="1">0</subfield>
    <subfield code="4">0</subfield>
    <subfield code="7">0</subfield>
    <subfield code="8">CRC</subfield>
    <subfield code="a">CRCE</subfield>
    <subfield code="b">CRCE</subfield>
    <subfield code="d">2023-03-17</subfield>
    <subfield code="e">Educational books and periodicals</subfield>
    <subfield code="g">288.75</subfield>
    <subfield code="i">262 dt 04/05/2009</subfield>
    <subfield code="l">0</subfield>
    <subfield code="o">621.392/PED PED</subfield>
    <subfield code="p">19502</subfield>
    <subfield code="r">2023-03-17</subfield>
    <subfield code="v">350.00</subfield>
    <subfield code="w">0000-00-00</subfield>
    <subfield code="y">BK</subfield>
  </datafield>
  <datafield tag="952" ind1=" " ind2=" ">
    <subfield code="0">0</subfield>
    <subfield code="1">0</subfield>
    <subfield code="4">0</subfield>
    <subfield code="7">0</subfield>
    <subfield code="8">CRC</subfield>
    <subfield code="a">CRCE</subfield>
    <subfield code="b">CRCE</subfield>
    <subfield code="d">2023-03-17</subfield>
    <subfield code="e">Educational books and periodicals</subfield>
    <subfield code="g">288.75</subfield>
    <subfield code="i">262 dt 04/05/2009</subfield>
    <subfield code="l">0</subfield>
    <subfield code="o">621.392/PED PED</subfield>
    <subfield code="p">19503</subfield>
    <subfield code="r">2023-03-17</subfield>
    <subfield code="v">350.00</subfield>
    <subfield code="w">0000-00-00</subfield>
    <subfield code="y">BK</subfield>
  </datafield>
</record>
